000
00313nam a2200121Ia 4500
008
220204s9999 xx 000 0 und d
082
_a
002.604861
_b
LEE
100
_a
Leeming, J J
245
0
_a
Statistical methods for engineers
260
_a
London
_b
Blackie
_c
1969
650
_a
Engineers statistics
942
_c
BK
999
_c
27652
_d
27652